[Event "BL2-Nord 1314"]
[Site "Germany"]
[Date "2014.02.23"]
[Round "7.4"]
[White "Cladouras, Panagiotis"]
[Black "Thinius, Marco"]
[Result "1-0"]
[WhiteElo "2366"]
[BlackElo "2362"]
[PlyCount "131"]
[EventDate "2013.10.13"]
[EventType "team-tourn"]
[EventRounds "9"]
[EventCountry "GER"]
[SourceTitle "EXT 2015"]
[Source "ChessBase"]
[SourceDate "2014.11.20"]
[SourceVersion "1"]
[SourceVersionDate "2014.11.20"]
[SourceQuality "1"]
[WhiteTeam "Zehlendorf"]
[BlackTeam "Berlin SF II"]
[WhiteTeamCountry "GER"]
[BlackTeamCountry "GER"]

1. e4 e6 2. d4 d5 3. Nc3 Nf6 4. Bg5 Bb4 5. e5 h6 6. Bd2 Bxc3 7. bxc3 Ne4 8. Qg4 Kf8 9. h4 c5 10. Bd3 Nxd2 11. Kxd2 Nc6 12. Nf3 c4 13. Be2 b5 14. a3 a5 15. Qf4 Ra7 16. Qe3 Qe7 17. Rhb1 Rb7 18. g4 Ke8 19. h5 Kd8 20. Ng1 b4 21. axb4 axb4 22. cxb4 Rxb4 23. Ke1 Rxb1+ 24. Rxb1 Kc7 25. c3 Bd7 26. Bd1 Ra8 27. Qc1 Qh4 28. Qf4 Be8 29. Kf1 Ra2 30. Kg2 Kc8 31. Nh3 Kc7 32. Qc1 f6 33. Qe3 Bd7 34. Bf3 Kc8 35. Qf4 f5 36. Rc1 fxg4 37. Qxg4 Qxg4+ 38. Bxg4 Kd8 39. Nf4 Ke7 40. Rb1 Ra3 41. Rb7 Ra7 42. Rxd7+ Rxd7 43. Bxe6 Rd8 44. Bxd5 Nxd4 45. cxd4 c3 46. Ng6+ Ke8 47. Bb3 Rxd4 48. e6 Re4 49. e7 Kd7 50. Kf3 Re1 51. Ba4+ Kd6 52. Kf4 Re2 53. f3 Re6 54. Kg4 Re2 55. f4 Re4 56. Kf3 Re1 57. f5 Rxe7 58. Nxe7 Kxe7 59. Ke3 Kf6 60. Kf4 Kf7 61. Ke5 Kg8 62. Ke6 Kf8 63. Bb3 Kg8 64. Ke7+ Kh8 65. Bc2 Kg8 66. Ke8 1-0

[Event "BL2-Nord 1314"]
[Site "Germany"]
[Date "2014.02.09"]
[Round "6.5"]
[White "Cladouras, Panagiotis"]
[Black "Michna, Christian"]
[Result "1-0"]
[WhiteElo "2366"]
[BlackElo "2290"]
[PlyCount "76"]
[EventDate "2013.10.13"]
[EventType "team-tourn"]
[EventRounds "9"]
[EventCountry "GER"]
[SourceTitle "EXT 2015"]
[Source "ChessBase"]
[SourceDate "2014.11.20"]
[SourceVersion "1"]
[SourceVersionDate "2014.11.20"]
[SourceQuality "1"]
[WhiteTeam "Zehlendorf"]
[BlackTeam "Norderstedt"]
[WhiteTeamCountry "GER"]
[BlackTeamCountry "GER"]

1. e4 e6 2. d4 d5 3. Nc3 Be7 4. Nf3 Nf6 5. Bd3 c5 6. exd5 exd5 7. dxc5 Nbd7 8. 0-0 0-0 9. Bg5 Nxc5 10. h3 Nce4 11. Bxe4 dxe4 12. Qxd8 Bxd8 13. Nd2 Bf5 14. Nc4 Nd5 15. Nxd5 Bxg5 16. Nce3 Bg6 17. Rfd1 Rac8 18. c3 Rfe8 19. Rd4 f5 20. g3 Re5 21. h4 Bd8 22. Nf4 Rb5 23. Rad1 Bf6 24. R4d2 Be5 25. Rd5 Rxd5 26. Rxd5 Bxf4 27. gxf4 Rf8 28. c4 h6 29. b3 Bh7 30. Kf1 Rf7 31. Ke2 g5 32. hxg5 hxg5 33. fxg5 f4 34. Ng4 Kg7 35. Nf6 Re7 36. Nh5+ Kf7 37. Nxf4 a6 38. Rd6 Bf5 1-0

[Event "BL2-Nord 0607"]
[Site "Germany"]
[Date "2007.04.01"]
[Round "8.2"]
[White "Baeumler, Ilja"]
[Black "Cladouras, Panagiotis"]
[Result "1/2-1/2"]
[WhiteElo "2240"]
[BlackElo "2370"]
[PlyCount "139"]
[EventDate "2006.10.15"]
[EventType "team-tourn"]
[EventRounds "9"]
[EventCountry "GER"]
[SourceTitle "EXT 2008"]
[Source "ChessBase"]
[SourceDate "2007.11.25"]
[SourceVersion "1"]
[SourceVersionDate "2007.11.25"]
[SourceQuality "1"]
[WhiteTeam "Uelzen Post"]
[BlackTeam "Zehlendorf"]
[WhiteTeamCountry "GER"]
[BlackTeamCountry "GER"]

1. e4 e5 2. Nf3 Nc6 3. d4 exd4 4. Nxd4 Bc5 5. Nxc6 Qf6 6. Qd2 bxc6 7. Bd3 Ne7 8. 0-0 0-0 9. Qf4 Qxf4 10. Bxf4 d6 11. Nd2 Ng6 12. Bg3 f5 13. exf5 Bxf5 14. Ne4 Bd4 15. c3 Bb6 16. Rad1 Rae8 17. Rfe1 Ne5 18. Bb1 Bg6 19. Ng5 Nd3 20. Bxd3 Rxe1+ 21. Rxe1 Bxd3 22. Re7 Bg6 23. Ne6 Re8 24. Rxe8+ Bxe8 25. Nf4 Bf7 26. a3 Kf8 27. Kf1 Ke8 28. Ke2 c5 29. f3 Kd7 30. h4 a5 31. Bf2 a4 32. g4 c6 33. Nh3 Bd8 34. h5 Be7 35. Be3 d5 36. Nf4 c4 37. Ng2 c5 38. Kd2 Kc6 39. Nf4 Bf6 40. Ne2 Bd8 41. Bf4 Bf6 42. Be3 h6 43. f4 Be6 44. g5 Bd8 45. Ng3 Bg4 46. gxh6 gxh6 47. f5 Bh4 48. Bf4 d4 49. Ne2 Bxh5 50. Bxh6 Bg4 51. cxd4 Bxe2 52. Kxe2 cxd4 53. Bg7 Kd5 54. Kd2 Bg5+ 55. Kc2 d3+ 56. Kd1 Bd8 57. Bc3 Bc7 58. Kd2 Bf4+ 59. Kd1 Be5 60. Kd2 Bxc3+ 61. Kxc3 Ke5 62. b3 axb3 63. a4 d2 64. Kxd2 Kd4 65. f6 c3+ 66. Kc1 c2 67. Kb2 Kd3 68. f7 Kd2 69. f8Q c1Q+ 70. Kxb3 1/2-1/2

[Event "BL2-Nord 0607"]
[Site "Germany"]
[Date "2007.02.04"]
[Round "5.4"]
[White "Fruebing, Stefan"]
[Black "Cladouras, Panagiotis"]
[Result "1/2-1/2"]
[WhiteElo "2305"]
[BlackElo "2370"]
[PlyCount "103"]
[EventDate "2006.10.15"]
[EventType "team-tourn"]
[EventRounds "9"]
[EventCountry "GER"]
[SourceTitle "EXT 2008"]
[Source "ChessBase"]
[SourceDate "2007.11.25"]
[SourceVersion "1"]
[SourceVersionDate "2007.11.25"]
[SourceQuality "1"]
[WhiteTeam "Ruedersdorf"]
[BlackTeam "Zehlendorf"]
[WhiteTeamCountry "GER"]
[BlackTeamCountry "GER"]

1. e4 e5 2. Nf3 Nc6 3. Bb5 a6 4. Ba4 Nf6 5. 0-0 Be7 6. Re1 b5 7. Bb3 d6 8. c3 0-0 9. h3 Na5 10. Bc2 c5 11. d4 Qc7 12. Nbd2 cxd4 13. cxd4 Bd7 14. Nf1 Rac8 15. Ne3 Nc6 16. d5 Nb4 17. Bb1 a5 18. a3 Na6 19. b4 axb4 20. axb4 Qb7 21. Bd2 Bd8 22. Bd3 Bb6 23. Nc2 Kh8 24. Qe2 Nc7 25. Kh2 Ng8 26. Nh4 g6 27. f4 f6 28. Nf3 Rce8 29. Bc3 h6 30. Qd2 Kh7 31. g4 Rc8 32. Ra3 Ne8 33. f5 Ne7 34. Bb2 Kg7 35. Re2 Rh8 36. Rg2 Kf7 37. Qe2 Nc7 38. Ne3 Rb8 39. Bc1 g5 40. Nf1 Ne8 41. Ng3 Ng7 42. Qd1 Ra8 43. Rga2 Rxa3 44. Rxa3 Ra8 45. Qb3 Rxa3 46. Qxa3 Nc8 47. Kg2 Ba7 48. Qa5 Bb6 49. Qa2 Ba7 50. Qa5 Bb6 51. Qa2 Ba7 52. Qa5 1/2-1/2

[Event "BL2-Nord 0607"]
[Site "Germany"]
[Date "2006.12.10"]
[Round "4.4"]
[White "Cladouras, Panagiotis"]
[Black "Willsch, Matthias"]
[Result "1/2-1/2"]
[WhiteElo "2370"]
[BlackElo "2265"]
[PlyCount "121"]
[EventDate "2006.10.15"]
[EventType "team-tourn"]
[EventRounds "9"]
[EventCountry "GER"]
[SourceTitle "EXT 2008"]
[Source "ChessBase"]
[SourceDate "2007.11.25"]
[SourceVersion "1"]
[SourceVersionDate "2007.11.25"]
[SourceQuality "1"]
[WhiteTeam "Zehlendorf"]
[BlackTeam "Preetz"]
[WhiteTeamCountry "GER"]
[BlackTeamCountry "GER"]

1. e4 e6 2. d4 d5 3. Nc3 Bb4 4. e5 c5 5. a3 Bxc3+ 6. bxc3 Ne7 7. Nf3 Nbc6 8. a4 Qa5 9. Qd2 b6 10. Bb5 Ba6 11. Rb1 Rc8 12. 0-0 0-0 13. Qe2 Nb8 14. Bg5 Ng6 15. c4 dxc4 16. h4 c3 17. h5 Nh8 18. h6 g6 19. dxc5 bxc5 20. Be7 Rfe8 21. Bd6 Bxb5 22. axb5 f5 23. Ra1 Qb6 24. Rfd1 Nf7 25. Qc4 Qb7 26. Bxb8 Qxb8 27. Rd7 Rc7 28. Rxc7 Qxc7 29. Qxc3 Nxh6 30. Ra6 Ng4 31. Rc6 Qd7 32. Rxc5 Qd1+ 33. Qe1 Rd8 34. Kf1 Rd2 35. Qxd1 Rxd1+ 36. Ke2 Rd7 37. Ng5 Re7 38. f3 h6 39. Nh3 Nh2 40. Nf4 g5 41. Nd3 h5 42. Rc6 Kf7 43. c4 g4 44. Ra6 h4 45. Ra1 h3 46. fxg4 hxg2 47. gxf5 exf5 48. Kf2 Ng4+ 49. Kxg2 Ne3+ 50. Kf3 Nxc4 51. Kf4 Ke6 52. Rc1 Rg7 53. Nc5+ Kd5 54. Nb3 Nxe5 55. Rc5+ Kd6 56. Rxe5 Rg4+ 57. Kxf5 Rg5+ 58. Kxg5 Kxe5 59. Na5 Kd5 60. Kf5 Kc5 61. Nc6 1/2-1/2

[Event "BL2-Nord 0607"]
[Site "Germany"]
[Date "2006.10.15"]
[Round "1.4"]
[White "Bornemann, Wolfram"]
[Black "Cladouras, Panagiotis"]
[Result "1/2-1/2"]
[WhiteElo "2260"]
[BlackElo "2370"]
[PlyCount "86"]
[EventDate "2006.10.15"]
[EventType "team-tourn"]
[EventRounds "9"]
[EventCountry "GER"]
[SourceTitle "EXT 2008"]
[Source "ChessBase"]
[SourceDate "2007.11.25"]
[SourceVersion "1"]
[SourceVersionDate "2007.11.25"]
[SourceQuality "1"]
[WhiteTeam "Steglitz Wilmersdorf"]
[BlackTeam "Zehlendorf"]
[WhiteTeamCountry "GER"]
[BlackTeamCountry "GER"]

1. Nf3 Nf6 2. g3 b6 3. Bg2 Bb7 4. b3 e6 5. Bb2 Be7 6. 0-0 0-0 7. c4 d6 8. Nc3 Nbd7 9. d3 c5 10. e3 a6 11. Qe2 Ra7 12. e4 Qa8 13. Nh4 Ne8 14. f4 Nc7 15. Nf3 b5 16. Nd1 Re8 17. Ne3 Bf8 18. f5 e5 19. g4 Nb8 20. Nd5 Bc8 21. Nb6 Qb7 22. Nxc8 Qxc8 23. Qf2 Nc6 24. Bc3 a5 25. g5 b4 26. Bd2 Qd8 27. Qg3 Nd4 28. Nxd4 exd4 29. Bh3 a4 30. Bf4 Na6 31. g6 f6 32. gxh7+ Kh8 33. Bg4 Qe7 34. Bh5 Rea8 35. Rab1 axb3 36. axb3 Nb8 37. Rb2 Nc6 38. Bg6 Ne5 39. Bxe5 dxe5 40. Qg2 Ra1 41. Rbb1 R1a2 42. Rf2 Rxf2 43. Qxf2 Ra3 1/2-1/2

[Event "Oberliga Nord O 0506"]
[Site "Germany"]
[Date "2006.03.12"]
[Round "8.1"]
[White "Cladouras, Panagiotis"]
[Black "Breier, Andreas"]
[Result "0-1"]
[WhiteElo "2346"]
[BlackElo "2365"]
[PlyCount "72"]
[EventDate "2005.10.23"]
[EventType "team-tourn"]
[EventRounds "9"]
[EventCountry "GER"]
[SourceTitle "EXT 2007"]
[Source "ChessBase"]
[SourceDate "2006.11.23"]
[SourceVersion "1"]
[SourceVersionDate "2006.11.23"]
[SourceQuality "1"]
[WhiteTeam "Lasker Steglitz"]
[BlackTeam "Berlin II"]
[WhiteTeamCountry "GER"]
[BlackTeamCountry "GER"]

1. e4 e6 2. d4 d5 3. Nc3 Nf6 4. e5 Nfd7 5. f4 a6 6. Nf3 c5 7. Be3 Nc6 8. Qd2 b5 9. a3 Qb6 10. g3 cxd4 11. Nxd4 Bc5 12. Rd1 0-0 13. b4 Bxd4 14. Bxd4 Nxd4 15. Qxd4 Bb7 16. Qxb6 Nxb6 17. Ne2 f6 18. Nd4 fxe5 19. fxe5 Nc4 20. Bxc4 dxc4 21. Rf1 Rxf1+ 22. Kxf1 Rd8 23. c3 Be4 24. Re1 Bd3+ 25. Kf2 Kf7 26. Ke3 g5 27. a4 bxa4 28. Ra1 Rd5 29. Rxa4 Rxe5+ 30. Kf2 Re4 31. Rxa6 e5 32. Nc6 Re2+ 33. Kf3 h5 34. g4 h4 35. Nxe5+ Rxe5 36. Ra5 Be2+ 0-1

[Event "BL2-Nord 0405"]
[Site "Germany"]
[Date "2005.02.13"]
[Round "7.3"]
[White "Cladouras, Panagiotis"]
[Black "Boetzer, Detlef"]
[Result "1-0"]
[WhiteElo "2342"]
[BlackElo "2268"]
[PlyCount "87"]
[EventDate "2004.10.24"]
[EventType "team-tourn"]
[EventRounds "9"]
[EventCountry "GER"]
[SourceTitle "EXT 2007"]
[Source "ChessBase"]
[SourceDate "2006.11.23"]
[SourceVersion "1"]
[SourceVersionDate "2006.11.23"]
[SourceQuality "1"]
[WhiteTeam "Zehlendorf"]
[BlackTeam "Berlin Rotation"]
[WhiteTeamCountry "GER"]
[BlackTeamCountry "GER"]

1. e4 e6 2. d4 d5 3. Nc3 Bb4 4. e5 c5 5. a3 Bxc3+ 6. bxc3 Ne7 7. Nf3 Nbc6 8. a4 Qa5 9. Qd2 Bd7 10. Bd3 c4 11. Be2 0-0-0 12. Ba3 f6 13. 0-0 Ng6 14. Bd6 Nce7 15. Bb4 Qc7 16. a5 Bc6 17. Rfe1 Nf5 18. Bf1 Rhe8 19. g3 Qf7 20. Bh3 h6 21. Re2 fxe5 22. Nxe5 Nxe5 23. Rxe5 g5 24. Rae1 Ng7 25. Qe2 Bd7 26. f4 gxf4 27. Rf1 Qg6 28. Rxf4 h5 29. Qf2 Ba4 30. Re2 Kb8 31. Rf6 Qg5 32. Qf4+ Qxf4 33. Rxf4 Nf5 34. Kf1 Bd7 35. Re5 Bc8 36. Bg2 Ng7 37. Bf3 Rh8 38. Rf7 Rd7 39. Rxd7 Bxd7 40. Rg5 Rh7 41. Bd6+ Kc8 42. Be5 Ne8 43. Bxh5 Ba4 44. h4 1-0

[Event "BL2-Nord 0405"]
[Site "Germany"]
[Date "2004.11.14"]
[Round "2.3"]
[White "Cladouras, Panagiotis"]
[Black "Stern, Rene"]
[Result "1/2-1/2"]
[WhiteElo "2342"]
[BlackElo "2469"]
[PlyCount "112"]
[EventDate "2004.10.24"]
[EventType "team-tourn"]
[EventRounds "9"]
[EventCountry "GER"]
[SourceTitle "EXT 2007"]
[Source "ChessBase"]
[SourceDate "2006.11.23"]
[SourceVersion "1"]
[SourceVersionDate "2006.11.23"]
[SourceQuality "1"]
[WhiteTeam "Zehlendorf"]
[BlackTeam "Koenig Tegel"]
[WhiteTeamCountry "GER"]
[BlackTeamCountry "GER"]

1. b3 g6 2. Bb2 Nf6 3. c4 Bg7 4. Nf3 0-0 5. e3 d6 6. Be2 e5 7. 0-0 Re8 8. d3 Nbd7 9. Nbd2 a5 10. a3 b6 11. Ne1 Bb7 12. Qc2 Qe7 13. Bf3 e4 14. Nxe4 Nxe4 15. Bxg7 Kxg7 16. Bxe4 Bxe4 17. dxe4 Qxe4 18. Qxe4 Rxe4 19. Nf3 Nc5 20. Rab1 a4 21. Nd2 axb3 22. Nxe4 Nxe4 23. Rxb3 Nd2 24. Rc3 Nxf1 25. Kxf1 Kf6 26. Ke2 Ra5 27. h4 Kf5 28. f3 Ke6 29. e4 f5 30. Ke3 fxe4 31. Kxe4 Re5+ 32. Kd4 Kd7 33. g3 Re1 34. Re3 Ra1 35. f4 Ra2 36. Ke4 Rc2 37. Kd3 Rc1 38. Kd4 c5+ 39. Kd3 Kc6 40. Rf3 Ra1 41. Kc2 b5 42. cxb5+ Kxb5 43. g4 Kc6 44. f5 gxf5 45. gxf5 Kd7 46. f6 Ke8 47. f7+ Kf8 48. Kb3 d5 49. Rf5 c4+ 50. Kb2 Rd1 51. Kc2 Rd3 52. a4 d4 53. Rf4 Rc3+ 54. Kd2 Ra3 55. Rxd4 Rxa4 56. Kc3 Kxf7 1/2-1/2

[Event "BL2-Nord 0304"]
[Site "Germany"]
[Date "2004.??.??"]
[Round "?.2"]
[White "Blauert, Joerg"]
[Black "Cladouras, Panagiotis"]
[Result "1/2-1/2"]
[WhiteElo "2365"]
[BlackElo "2340"]
[PlyCount "58"]
[EventDate "2003.10.??"]
[EventType "team-tourn"]
[EventRounds "9"]
[EventCountry "GER"]
[SourceTitle "CBM 100 Extra"]
[Source "ChessBase"]
[SourceDate "2004.07.06"]
[SourceVersion "2"]
[SourceVersionDate "2004.07.06"]
[SourceQuality "1"]
[WhiteTeam "Luebeck"]
[BlackTeam "Zehlendorf"]
[WhiteTeamCountry "GER"]
[BlackTeamCountry "GER"]

1. e4 e5 2. Nf3 Nc6 3. Nc3 d6 4. d4 Bg4 5. dxe5 Nxe5 6. Be2 Bxf3 7. Bxf3 g6 8. Be2 Bg7 9. 0-0 Ne7 10. Nd5 Nxd5 11. Qxd5 c6 12. Qd1 Qe7 13. Be3 0-0 14. Bd4 f5 15. f4 Nd7 16. Bxg7 Kxg7 17. exf5 Rxf5 18. Bg4 Qe3+ 19. Kh1 Rd5 20. Qe1 Qxe1 21. Raxe1 Nf6 22. Be6 Rd2 23. Bb3 Re8 24. Rxe8 Nxe8 25. Kg1 d5 26. Rf2 Rd1+ 27. Rf1 Rd2 28. Rf2 Rd1+ 29. Rf1 Rd2 1/2-1/2

[Event "BL2-Nord 0304"]
[Site "Germany"]
[Date "2004.??.??"]
[Round "?.4"]
[White "Dankert, Peter"]
[Black "Cladouras, Panagiotis"]
[Result "0-1"]
[WhiteElo "2235"]
[BlackElo "2340"]
[PlyCount "63"]
[EventDate "2003.10.??"]
[EventType "team-tourn"]
[EventRounds "9"]
[EventCountry "GER"]
[SourceTitle "CBM 100 Extra"]
[Source "ChessBase"]
[SourceDate "2004.07.06"]
[SourceVersion "2"]
[SourceVersionDate "2004.07.06"]
[SourceQuality "1"]
[WhiteTeam "Hamburg Schachfreunde"]
[BlackTeam "Zehlendorf"]
[WhiteTeamCountry "GER"]
[BlackTeamCountry "GER"]

1. d4 Nf6 2. Nf3 e6 3. c4 Bb4+ 4. Bd2 Qe7 5. g3 Nc6 6. Bg2 Bxd2+ 7. Nbxd2 d6 8. 0-0 0-0 9. e4 e5 10. d5 Nb8 11. Nh4 a5 12. b3 Na6 13. a3 g6 14. Qc2 c6 15. Qc3 Qd8 16. b4 c5 17. b5 Nc7 18. Nhf3 Bg4 19. Rfe1 Bxf3 20. Qxf3 Nce8 21. h4 Ng7 22. Qc3 b6 23. Bh3 Nfh5 24. Bg4 Ra7 25. Bxh5 Nxh5 26. Ra2 f5 27. exf5 gxf5 28. Nf3 h6 29. Nxe5 dxe5 30. Qxe5 Rg7 31. Qe6+ Kh7 32. Qe5 0-1

[Event "Bayern-chI Bank Hofmann 7th"]
[Site "Bad Wiessee"]
[Date "2003.11.15"]
[Round "8"]
[White "Cladouras, Panagiotis"]
[Black "Cnossen, Wiebe"]
[Result "1-0"]
[WhiteElo "2343"]
[BlackElo "2151"]
[PlyCount "74"]
[EventDate "2003.11.08"]
[EventType "swiss"]
[EventRounds "9"]
[EventCountry "GER"]
[SourceTitle "EXT 2004"]
[Source "ChessBase"]
[SourceDate "2003.11.25"]
[SourceVersion "1"]
[SourceVersionDate "2003.11.25"]
[SourceQuality "1"]

1. e4 d6 2. d4 Nf6 3. Nc3 g6 4. Nf3 Bg7 5. Be3 a6 6. a4 0-0 7. h3 b6 8. Bd3 Bb7 9. g4 e6 10. g5 Nh5 11. Nh2 Nd7 12. Be2 e5 13. Bxh5 exd4 14. Bxd4 Bxd4 15. Qxd4 gxh5 16. Rg1 Nc5 17. 0-0-0 Re8 18. f3 b5 19. Nf1 bxa4 20. Ne3 Ne6 21. Qxa4 Ng7 22. Ncd5 Kh8 23. Nf6 Re5 24. f4 Rb5 25. Qd4 Ne6 26. Qc3 Rc5 27. Nc4 Qf8 28. f5 Ng7 29. Nd7 Qe8 30. Nxc5 dxc5 31. Ne5 Bxe4 32. Rd7 Kg8 33. Rxc7 Nxf5 34. Nxf7 Nd4 35. Qxc5 Ne2+ 36. Kb1 Rb8 37. Nh6+ Kh8 1-0

[Event "BL2-Nord 0203"]
[Site "Germany"]
[Date "2003.03.30"]
[Round "9.2"]
[White "Sebastian, Dirk"]
[Black "Cladouras, Panagiotis"]
[Result "1-0"]
[WhiteElo "2379"]
[BlackElo "2330"]
[PlyCount "47"]
[EventDate "2002.10.20"]
[EventType "team-tourn"]
[EventRounds "9"]
[EventCountry "GER"]
[SourceTitle "EXT 2004"]
[Source "ChessBase"]
[SourceDate "2003.11.25"]
[SourceVersion "1"]
[SourceVersionDate "2003.11.25"]
[SourceQuality "1"]
[WhiteTeam "Hamburger SK II"]
[BlackTeam "Zehlendorf"]
[WhiteTeamCountry "GER"]
[BlackTeamCountry "GER"]

1. e4 e5 2. Nf3 Nc6 3. d4 exd4 4. Nxd4 Nf6 5. Nc3 Bb4 6. Nxc6 bxc6 7. Bd3 0-0 8. 0-0 Re8 9. Bg5 h6 10. Bh4 Bxc3 11. bxc3 d6 12. f4 Qe7 13. Re1 Qe6 14. e5 Nd5 15. exd6 Qd7 16. Rxe8+ Qxe8 17. dxc7 Nxc7 18. Qf3 Ne6 19. Re1 Qd7 20. f5 Nc5 21. Re7 Qd5 22. Re8+ Kh7 23. Qg3 Nxd3 24. Bf6 1-0

[Event "BL2-Nord 0203"]
[Site "Germany"]
[Date "2003.01.26"]
[Round "5.3"]
[White "Blauert, Joerg"]
[Black "Cladouras, Panagiotis"]
[Result "1/2-1/2"]
[WhiteElo "2418"]
[BlackElo "2330"]
[PlyCount "72"]
[EventDate "2002.10.20"]
[EventType "team-tourn"]
[EventRounds "9"]
[EventCountry "GER"]
[SourceTitle "EXT 2004"]
[Source "ChessBase"]
[SourceDate "2003.11.25"]
[SourceVersion "1"]
[SourceVersionDate "2003.11.25"]
[SourceQuality "1"]
[WhiteTeam "Luebeck II"]
[BlackTeam "Zehlendorf"]
[WhiteTeamCountry "GER"]
[BlackTeamCountry "GER"]

1. e4 d6 2. d4 Nf6 3. Nc3 e5 4. dxe5 dxe5 5. Qxd8+ Kxd8 6. Bg5 Be6 7. 0-0-0+ Kc8 8. f4 exf4 9. e5 h6 10. Bxf4 Ng4 11. Rd2 g5 12. Bg3 Nd7 13. Nf3 Ne3 14. Nd4 Bb4 15. Nxe6 Bxc3 16. bxc3 fxe6 17. Be2 c6 18. Bh5 Nf5 19. Bf2 Kc7 20. Rhd1 Rhd8 21. Bf7 Ng7 22. Rd6 Nf8 23. g4 Rd7 24. Bg8 b6 25. Bg3 Re8 26. Rxd7+ Nxd7 27. Bh7 Rf8 28. Be4 h5 29. h3 h4 30. Bh2 Rf2 31. Bg1 Rf4 32. Bg2 Rf7 33. Be4 Rf4 34. Bg2 Rf7 35. Be4 Rf4 36. Bg2 Rf7 1/2-1/2

[Event "BL2-Nord 0304"]
[Site "Germany"]
[Date "2003.??.??"]
[Round "?.3"]
[White "Rausch, Stephan"]
[Black "Cladouras, Panagiotis"]
[Result "1/2-1/2"]
[WhiteElo "2345"]
[BlackElo "2340"]
[PlyCount "112"]
[EventDate "2003.10.??"]
[EventType "team-tourn"]
[EventRounds "9"]
[EventCountry "GER"]
[SourceTitle "CBM 100 Extra"]
[Source "ChessBase"]
[SourceDate "2004.07.06"]
[SourceVersion "2"]
[SourceVersionDate "2004.07.06"]
[SourceQuality "1"]
[WhiteTeam "Leipzig Gohlis"]
[BlackTeam "Zehlendorf"]
[WhiteTeamCountry "GER"]
[BlackTeamCountry "GER"]

1. d4 Nf6 2. c4 e6 3. Nc3 Bb4 4. Qc2 c5 5. a3 Bxc3+ 6. Qxc3 cxd4 7. Qxd4 Nc6 8. Qd1 a5 9. Nf3 a4 10. Qc2 d6 11. Bd2 Qc7 12. e3 e5 13. Bd3 h6 14. 0-0 Be6 15. Bf5 Bxf5 16. Qxf5 0-0 17. Rac1 Rfe8 18. Bc3 Re6 19. Nd2 Ne7 20. Qh3 Qc6 21. Qf3 Qa6 22. Rc2 Nd7 23. Rd1 f5 24. Bb4 Rf8 25. Qh3 Qc6 26. Qf3 e4 27. Qe2 Ng6 28. f4 exf3 29. Qxf3 Nde5 30. Qxc6 bxc6 31. Nf1 c5 32. Be1 Rb8 33. Ng3 Ne7 34. e4 f4 35. Nf5 Nf7 36. Bc3 Nxf5 37. exf5 Re4 38. Ba5 Rb7 39. Kf2 Rd7 40. Re1 Rd4 41. Re8+ Kh7 42. Ra8 Ne5 43. h3 Rxc4 44. Rxc4 Nxc4 45. Bc3 Rb7 46. Rxa4 Nxb2 47. Bxb2 Rxb2+ 48. Kf3 Kg8 49. Ra7 Rd2 50. a4 c4 51. a5 Rd5 52. a6 Rxf5 53. Rd7 Ra5 54. Rxd6 c3 55. Kxf4 c2 56. Rc6 Rxa6 1/2-1/2

[Event "Bayern-chI Bank Hofmann 6th"]
[Site "Bad Wiessee"]
[Date "2002.11.02"]
[Round "8"]
[White "Keller, Manfred"]
[Black "Cladouras, Panagiotis"]
[Result "0-1"]
[WhiteElo "2219"]
[BlackElo "2330"]
[PlyCount "52"]
[EventDate "2002.10.26"]
[EventType "swiss"]
[EventRounds "9"]
[EventCountry "GER"]
[SourceTitle "EXT 2003"]
[Source "ChessBase"]
[SourceDate "2002.11.25"]
[SourceVersion "1"]
[SourceVersionDate "2002.11.25"]
[SourceQuality "1"]

1. e4 c5 2. Nf3 d6 3. Bb5+ Nd7 4. d4 cxd4 5. Qxd4 Ngf6 6. Nc3 g6 7. e5 dxe5 8. Nxe5 a6 9. Qc4 e6 10. Bxd7+ Nxd7 11. Nxd7 Bxd7 12. Ne4 Be7 13. Qd4 f6 14. Bh6 Bc6 15. 0-0-0 Qxd4 16. Rxd4 e5 17. Nd6+ Kd7 18. Rd2 Ke6 19. Nc4 Bxg2 20. Re1 Bc6 21. c3 Rad8 22. f4 e4 23. Bg7 Rhg8 24. Rxd8 Bxd8 25. Bh6 Bc7 26. Nd2 Kf5 0-1

[Event "Bayern-chI Bank Hofmann 6th"]
[Site "Bad Wiessee"]
[Date "2002.10.27"]
[Round "2"]
[White "Eisenbeiser, Karlheinz"]
[Black "Cladouras, Panagiotis"]
[Result "1/2-1/2"]
[WhiteElo "2129"]
[BlackElo "2330"]
[PlyCount "33"]
[EventDate "2002.10.26"]
[EventType "swiss"]
[EventRounds "9"]
[EventCountry "GER"]
[SourceTitle "EXT 2003"]
[Source "ChessBase"]
[SourceDate "2002.11.25"]
[SourceVersion "1"]
[SourceVersionDate "2002.11.25"]
[SourceQuality "1"]

1. e4 c5 2. Nf3 a6 3. c4 d6 4. d4 cxd4 5. Nxd4 Nf6 6. Nc3 e6 7. Be2 Qc7 8. Be3 Be7 9. 0-0 Nc6 10. f4 0-0 11. Rc1 Re8 12. b3 Nxd4 13. Bxd4 e5 14. Be3 exf4 15. Bxf4 Be6 16. Kh1 Qb6 17. Bf3 1/2-1/2

[Event "BL2-Nord 0102"]
[Site "Germany"]
[Date "2002.03.17"]
[Round "7.3"]
[White "Fish, Gennadij"]
[Black "Cladouras, Panagiotis"]
[Result "0-1"]
[WhiteElo "2502"]
[BlackElo "2336"]
[PlyCount "84"]
[EventDate "2001.10.07"]
[EventType "team-tourn"]
[EventRounds "9"]
[EventCountry "GER"]
[SourceTitle "CBM 088 Extra"]
[Source "ChessBase"]
[SourceDate "2002.07.01"]
[SourceVersion "2"]
[SourceVersionDate "2002.07.01"]
[SourceQuality "1"]
[WhiteTeam "Bremer SG"]
[BlackTeam "Zehlendorf"]
[WhiteTeamCountry "GER"]
[BlackTeamCountry "GER"]

1. d4 Nf6 2. c4 e6 3. Nc3 Bb4 4. g3 0-0 5. Bg2 d5 6. cxd5 exd5 7. Nf3 Re8 8. 0-0 c6 9. Bf4 Nbd7 10. Qc2 Qe7 11. Rfe1 Ne4 12. a3 Bxc3 13. bxc3 Nb6 14. Nd2 Bf5 15. Nxe4 Bxe4 16. Bxe4 Qxe4 17. Qxe4 Rxe4 18. f3 Re7 19. e4 Rae8 20. e5 f6 21. Reb1 Nc4 22. Ra2 Kf7 23. h4 h6 24. h5 fxe5 25. Bxe5 Nxe5 26. dxe5 Rxe5 27. Rxb7+ R8e7 28. Rab2 Re3 29. Rxe7+ Kxe7 30. Kf2 Rxc3 31. Rb7+ Kf6 32. Rxa7 d4 33. f4 c5 34. g4 c4 35. Ra6+ Kf7 36. Ra7+ Kf6 37. Ra6+ Ke7 38. Rc6 d3 39. Ke1 Rc1+ 40. Kd2 Rc2+ 41. Kd1 Kd7 42. Rb6 Rf2 0-1

[Event "BL2-Nord 0102"]
[Site "Germany"]
[Date "2001.11.25"]
[Round "3.3"]
[White "Tischbierek, Raj"]
[Black "Cladouras, Panagiotis"]
[Result "1-0"]
[WhiteElo "2493"]
[BlackElo "2336"]
[PlyCount "57"]
[EventDate "2001.10.07"]
[EventType "team-tourn"]
[EventRounds "9"]
[EventCountry "GER"]
[SourceTitle "CBM 088 Extra"]
[Source "ChessBase"]
[SourceDate "2002.07.01"]
[SourceVersion "2"]
[SourceVersionDate "2002.07.01"]
[SourceQuality "1"]
[WhiteTeam "Kreuzberg"]
[BlackTeam "Zehlendorf"]
[WhiteTeamCountry "GER"]
[BlackTeamCountry "GER"]

1. e4 d6 2. d4 Nf6 3. Nc3 e5 4. Nge2 Be7 5. g3 h5 6. h3 Nbd7 7. Bg2 c6 8. 0-0 Nf8 9. f4 Ng6 10. f5 Nf8 11. Be3 N8d7 12. d5 c5 13. a4 a6 14. Nc1 h4 15. g4 Nh7 16. Nd3 Bg5 17. Bf2 Qf6 18. b4 cxb4 19. Nxb4 Qh6 20. Qe2 Bd8 21. a5 g5 22. Rfb1 Qf6 23. Qc4 Qe7 24. Nxa6 Ndf6 25. Nb4 0-0 26. a6 bxa6 27. Nc6 Qc7 28. Qb4 Nd7 29. Nb5 1-0